|
|
|
|
| LEADER |
00000nas a2200000 a 4500 |
| 001 |
ssj0000502031 |
| 003 |
WaSeSS |
| 005 |
20200512172242.0 |
| 006 |
m d |
| 007 |
cr n |
| 008 |
930729c19929999pk || p s 0 0eng |
| 022 |
|
|
|l 1019-438X
|y 1019-438X
|
| 035 |
|
|
|a (WaSeSS)ssj0000502031
|
| 040 |
|
|
|a DNLM
|c DNLM
|d WaSeSS
|
| 060 |
0 |
0 |
|a W1
|b PA35GD
|
| 245 |
0 |
0 |
|a Pakistan journal of clinical psychology
|h [electronic resource] /
|c Institute of Clinical Psychology.
|
| 260 |
|
|
|a Karachi :
|b The Institute,
|
| 260 |
3 |
|
|a Karachi :
|b Institute of Clinical Psychology, University of Karachi
|
| 310 |
|
|
|a Irregular
|
| 362 |
1 |
|
|a Began in 1992.
|
| 500 |
|
|
|a Description based on: Vol. 1, no. 2 (July 1992); title from cover.
|
| 500 |
|
|
|a Latest issue consulted: Vol. 7, no. 1 (Jan. 2008).
|
| 506 |
|
|
|a License restrictions may limit access.
|
| 515 |
|
|
|a Suspended 1996-2005. Resumed publication in 2006.
|
| 650 |
|
2 |
|a Psychology, Clinical
|0 https://id.nlm.nih.gov/mesh/D011586
|
| 655 |
|
0 |
|a Electronic journals.
|
| 710 |
2 |
|
|a University of Karachi.
|b Institute of Clinical Psychology.
|
| 856 |
4 |
0 |
|z Full text available from Research Library: 06/01/2010 to 12/31/2016
|u https://search.proquest.com/publication/616522
|